000 00443nam a2200169 4500
003 LK-CoMWRAF
005 20231020233334.0
008 231020b |||||||| |||| 00| 0 eng d
040 _aLK-CoMWRAF
_dLK-CoMWRAF
_eLK-CoMWRAF
041 _aeng
082 _a823
_bNAI
100 _aV. S. Naipaul
245 _aBeyond belief :
_bIslamic excursions among the converted peoples
260 _b Picador,
650 _aEnglish Fiction
942 _cBK
999 _c3965
_d3965